000 00350nam a2200121Ia 4500
008 220204s9999 xx 000 0 und d
082 _a028.2875
_bRIT.1
245 0 _aVinyl and allied polymers. V 1. Aliphatic polyolefins and polydienes
260 _aLondon
_bPlastics Institute
_c1968
650 _aPolyolefins
700 _aRitchie, P D
942 _cBK
999 _c32037
_d32037